LEADER 01186nam a2200277 4500 001 000000364196 003 CaOOAMICUS 005 20250915104052.0 008 250908s2021 it 000 u ita r 020 $a978-88-306-3355-1 040 $aSeMil$bita 100 1 $aVilla, Francesco,$d<1991- >.$0(OLS)http://semarc/name/26251 245 10$aWaliki :$bcronache di un fisioterapista sull'altipiano /$cFrancesco Villa. 264 1$aRoma :$bAlbatros,$c2021. 300 $a173 p. ;$c21 cm 490 1 $aNuoveVoci. Vite 650 4$aSalute - Etica e morale.$0(OLS)http://semarc/subject/47148 650 4$aBolivia - Sanitą - Diari e memorie.$0(OLS)http://semarc/subject/58512 830 0$aNuoveVoci. Vite.$0(OLS)http://semarc/title/455559 850 $aSeMil 852 $aSeMil$W1$xVenegono$y1$m3X II 306$j261779$B255081$CSeMilBibl$Z2$F255081 $81 961 $aScanziani don Francesco - Omaggio 996 $6020$a978-88-306-3355-1$9(OLS)http://semarc/number/304071 996 $6245$aWaliki :$bcronache di un fisioterapista sull'altipiano$9(OLS)http://semarc/title/455558 996 $6264$aRoma :$bAlbatros$9(OLS)http://semarc/publisher/36827 LEADER 01141nam a2200277 i 4500 001 000000056905 003 CaOOAMICUS 005 20220930165547.0 008 111219s1980 it u000 u ita u 013 $a28077 040 $aSeMil$bita 100 1 $aOursel, Raymond,$d<1921-2008>.$0(OLS)http://semarc/name/22156 240 10$aPčlerins du Moyen Age.$0(OLS)http://semarc/title/88518 245 10$aPellegrini del Medioevo :$bgli uomini, le strade, i santuari /$cRaymond Oursel. 250 $a2. edizione riveduta. 264 1$aMilano :$bJaca Book,$c1980. 300 $a212 p. ;$c23 cm. 490 1 $aGią e non ancora ;$v52 650 4$aPellegrinaggi - Storia - Medioevo.$0(OLS)http://semarc/subject/31861 830 0$aGią e non ancora ;$v52.$0(OLS)http://semarc/title/5902 850 $aSeMil 852 $aSeMil$W1$xVenegono$y1$m3T IV 189$j23059$B23059$CSeMilBibl$Z2$F23061 $81 961 $aAcquisto: Casa editrice 996 $6245$aPellegrini del Medioevo :$bgli uomini, le strade, i santuari$9(OLS)http://semarc/title/88517 996 $6264$aMilano :$bJaca Book$9(OLS)http://semarc/publisher/29781